Fondements de la géométrie algébrique moderne /

Guardado en:
Autor Principal: Dieudonné, Jean Alexandre, 1906-
Formato: Libro
Idioma:French
Publicado: Montréal : Presses de l'Université de Montréal, 1966.
Edición:2e éd.
Series:Séminaire de mathématiques supérieures ; 8
Etiquetas: Agregar Etiqueta
Sin Etiquetas, Sea el primero en etiquetar este registro!
LEADER 00857cam a22002055 4500
001 MAT.inmabb001924
008 840717s1966####quc###########000#0#fre#d
005 20160808181342.0
245 1 0 |a Fondements de la géométrie algébrique moderne /  |c par Jean Dieudonné. 
250 |a 2e éd. 
260 |a Montréal :  |b Presses de l'Université de Montréal,  |c 1966. 
300 |a 151 p. ;  |c 28 cm. 
440 0 |a Séminaire de mathématiques supérieures ;  |v 8 
500 |a Cab. de portada: Université de Montréal. Département de mathématiques. 
500 |a "Notes du cours donné ... à la 3e session du Séminaire de mathématiques supérieures de l'Université de Montréal, tenue l'été 1964." 
510 4 |a MR,  |c 40 #1389 
100 1 |a Dieudonné, Jean Alexandre,  |d 1906- 
084 |a 14  |2 msc2000 
010 |a  70354906  
859 |h 14  |i D567  |p A-3188  |b BIB. MATEMATICA